All rail services in Stockholm with map! - Statistics

General Stats
  • This quiz has been taken 163 times
    162 since last reset
  • The average score is 97 of 254
Answers on the Map
Answers color-coded by a green-red scale on the quiz's map according to % correct below.
 
Answer Stats
Answer % Correct
T-Centralen(Stockholm City for commuter trains)
91%
Gamla stan
80%
Solna(Solna station for Tvärbanan)
79%
Odenplan
74%
Slussen
74%
Bro
71%
Kungsträdgården
70%
Globen
69%
Akalla
68%
Rinkeby
68%
Sundbyberg centrum(Sundbyberg for commuter trains)
68%
Medborgarplatsen
66%
Farsta
65%
Hötorget
65%
Alvik
63%
Farsta strand
63%
Mörby
63%
Östermalmstorg
63%
Skanstull
63%
Arlanda C
61%
Hässelby strand
61%
Hjulsta
61%
Tensta
61%
Uppsala C
61%
Fridhemsplan
60%
Liljeholmen
60%
Mariatorget
60%
Skarpnäck
60%
Tekniska högskolan(Stockholms östra for Roslagsbanan)
60%
Universitetet
60%
Karlaplan
59%
Norsborg
59%
Ropsten
59%
Gullmarsplan
58%
Kista
58%
Rådhuset
58%
Stadion
58%
Gärdet
56%
Sollentuna
56%
Bällsta
55%
Märsta
55%
Nacka
55%
Rådmansgatan
55%
S:t Eriksplan
55%
Upplands Väsby
55%
Vällingby
55%
Mörby centrum
54%
Nynäshamn
54%
Solna centrum
54%
Brommaplan
53%
Danderyds sjukhus
53%
Hagsätra
53%
Hornstull
53%
Islandstorget
53%
Hässelby gård
51%
Skärmarbrink
51%
Västra skogen
51%
Zinkensdamm
51%
Älvsjö
50%
Bagarmossen
50%
Bålsta
50%
Fittja
50%
Huddinge
50%
Knivsta
50%
Sickla
50%
Thorildsplan
50%
Åkeshov
49%
Hallonbergen
49%
Kungsängen
49%
Saltsjöbaden
49%
Södertälje centrum
49%
Blackeberg
48%
Blåsut
48%
Fruängen
48%
Kristineberg
48%
Midsommarkransen
48%
Solna strand
48%
Telefonplan
48%
Alby
46%
Årstaberg
46%
Bergshamra
46%
Duvbo
46%
Gubbängen
46%
Husby
46%
Råcksta
46%
Spånga
46%
Stora mossen
46%
Bromma flygplats
45%
Enskede gård
45%
Hökarängen
45%
Näckrosen
45%
Nockeby
45%
Rissne
45%
Skärholmen
45%
Skogskyrkogården
45%
Abrahamsberg
44%
Barkarby
44%
Hammarbyhöjden
44%
Solsidan
44%
Stadshagen
44%
Bredäng
43%
Bromma Blocks
43%
Huvudsta
43%
Tumba
43%
Flemingsberg
41%
Gnesta
41%
Jakobsberg
41%
Skansen
41%
Södertälje hamn
41%
Stockholms södra
41%
Stora Essingen
41%
Vårby gård
41%
Aspudden
40%
Högdalen
40%
Rågsved
40%
Rosersberg
40%
Södertälje syd
40%
Västerhaninge
40%
Helenelund
39%
Kärrtorp
39%
Sätra
39%
Vallentuna
39%
Vårberg
39%
Ängbyplan
38%
Axelsberg
38%
Gröndal
38%
Johannelund
38%
Mälarhöjden
38%
Sickla kaj
38%
Trekanten
38%
Waldemarsudde
38%
Åkersberga
36%
Björkhagen
36%
Fisksätra
36%
Häggvik
36%
Kallhäll
36%
Luma
36%
Masmo
36%
Täby centrum
36%
AGA
35%
Alviks strand
35%
Bandhagen
35%
Hallunda
35%
Örnsberg
35%
Sandsborg
35%
Sockenplan
35%
Svedmyra
35%
Ulriksdal
35%
Östertälje
34%
Sickla udde
34%
Solna Business Park
34%
Tallkrogen
34%
Tullinge
34%
Gåshaga
33%
Jordbro
33%
Rotebro
33%
Årstafältet
31%
Gåshaga brygga
31%
Henriksdal
31%
Nybroplan
31%
Rönninge
31%
Stuvsta
31%
Hägerstensåsen
30%
Handen
30%
Järna
30%
Mårtensdal
30%
Saltsjö-Järla
30%
Stureby
30%
Vega
30%
Bällsta bro
29%
Djurgårdsbron
29%
Galoppfältet
29%
Kårsta
29%
Ösmo
29%
Stocksund
29%
Årstadal
28%
Krigslida
28%
Liljevalchs / Gröna Lund
28%
Norrviken
28%
Västertorp
28%
Linde
26%
Näsbypark
26%
Nockeby torg
26%
Österskär
26%
Roslags Näsby
25%
Johannesfred
24%
Karlsbodavägen
24%
Ormsta
24%
Tibble
24%
Valla torg
24%
Arninge
23%
Djursholms Ösby
23%
Igelboda
23%
Mölnbo
23%
Neglinge
23%
Skogås
23%
Styrmansgatan
23%
Täby kyrkby
23%
Tippen
23%
Bellmansro
21%
Djurgårdsskolan
21%
Gröndalsviken
21%
Lillängen
21%
Norra Ulvsunda
21%
Nynäsgård
21%
Saltsjö-Duvnäs
21%
Storängen
21%
Torsvik
21%
Enebyberg
20%
Nordiska museet / Vasamuseet
20%
Smedslätten
20%
Åkers Runö
19%
Baggeby
19%
Ensta
19%
Hägernäs
19%
Lindholmen
19%
Näsby allé
19%
Trångsund
19%
Alléparken
18%
Ålstensgatan
18%
Tungelsta
18%
Djursholms Ekeby
16%
Erstaviksbadet
16%
Hemfosa
16%
Höglandstorget
16%
Larsberg
16%
Östervik
16%
Segersäng
16%
Bråvallavägen
15%
Brevik
15%
Ekskogen
15%
Frösunda
15%
Käppala
15%
Lahäll
15%
Molnby
15%
Ringvägen
15%
Tunagård
15%
Vendevägen
15%
Viggbyholm
15%
Ålstens gård
14%
Bodal
14%
Klövervägen
14%
Kragstalund
14%
Östberga
14%
Tattby
14%
Visinge
14%
Altorp
13%
Olovslund
13%
Täljö
13%
Högberga
11%
Kottla
11%
Rydbo
11%
Skärsätra
11%
No matching quizzes found
Score Distribution
Percent of People with Each Score
Percentile by Number Answered
Your Score History
You have not taken this quiz since the last reset